书目信息 |
| 题名: |
美洲土著的房屋和家庭生活
|
|
| 作者: | 路易斯·亨利·摩尔根 著 ;李培茱 , 陈胜观 译 | |
| 分册: | ||
| 出版信息: | 北京 中国社会科学出版社 1985.2 |
|
| 页数: | 335页 | |
| 开本: | 19cm | |
| 丛书名: | ||
| 单 册: | ||
| 中图分类: | K700.8 | |
| 科图分类: | ||
| 主题词: | 美洲--历史 | |
| 电子资源: | ||
| ISBN: | ||
| 000 | 00742nam0 2200229 45 | |
| 001 | 0211190914 | |
| 005 | 20060805175413.75 | |
| 010 | @dCNY2.55 | |
| 091 | @a11190.150 | |
| 100 | @a20021119d1985 km y0chiy0120 ea | |
| 101 | 0 | @achi |
| 105 | @aa z 000yy | |
| 200 | 1 | @a美洲土著的房屋和家庭生活@AMei Zhou Tu Zhu De Fang Wu He Jia Ting Sheng Huo@f(美)路易斯·亨利·摩尔根著@F(Mei)Lu Yi Si·Heng Li·Mo Er Gen Zhu@g李培茱译@g陈胜观校 |
| 210 | @a北京@c中国社会科学出版社@d1985.2 | |
| 215 | @a335页@c插图@d19cm | |
| 606 | 0 | @a美洲@x历史 |
| 690 | @aK700.8@v1 | |
| 701 | 0 | @a路易斯·亨利·摩尔根@4著 |
| 702 | 0 | @a李培茱@ALi Pei Zhu@4译 |
| 702 | 0 | @a陈胜观@AChen Sheng Guan@4校 |
| 801 | @aCN@bTSTC@c20060805 | |
| 905 | @dK700.8@e2@f1@b178446 | |
| 美洲土著的房屋和家庭生活/(美)路易斯·亨利·摩尔根著/李培茱译/陈胜观校.-北京:中国社会科学出版社,1985.2 |
| 335页:插图;19cm |
| ISBN :CNY2.55 |
| ● |
| 相关链接 |
|
|
|
|
正题名:美洲土著的房屋和家庭生活
索取号:K700.8/2
 
预约/预借
| 序号 | 登录号 | 条形码 | 馆藏地/架位号 | 状态 | 备注 |
| 1 | 0178446 | 001413553 | 密集书库/ [索取号:K700.8/2] | 在馆 | |
| 2 | 0178447 | 001624193 | 密集书库/ [索取号:K700.8/2] | 在馆 | |
| 3 | 0178448 | 001624200 | 密集书库/ [索取号:K700.8/2] | 在馆 | |
| 4 | 0178449 | 001413571 | 第二样本阅览室/ [索取号:K700.8/2] | 在馆 | |
| 5 | 0444888 | 204448883 | 密集书库/ [索取号:K700.8/2] | 在馆 |